|
|
|
|
| LEADER |
00000cam a2200000 7i4500 |
| 001 |
0000002539 |
| 005 |
20030724.0 |
| 090 |
0 |
0 |
|a 354.30959522
|b SEM 1991
|
| 110 |
1 |
0 |
|a SEMINAR on Area and Regional Development
|k 1991
|j Limbang
|
| 245 |
1 |
0 |
|a Seminar ... Limbang, 10-12 December 1991 :
|b toward a balanced distribution and accelerated development in Sarawak
|c organised by Angkatan Zaman Mansang (AZAM) Sarawak with financial support from Konrad Adenauer Foundation (German)
|
| 260 |
0 |
0 |
|a Kuching, Sarawak :
|b Angkatan Zaman Mansang ,
|c 1991
|
| 300 |
|
|
|a iv, 252 p. :
|b ill., maps ;
|c 24 cm.
|
| 650 |
0 |
0 |
|a Economic development projects
|x Congresses
|z Sarawak
|
| 650 |
0 |
0 |
|a Regional planning
|x Congresses
|z Sarawak
|
| 710 |
1 |
1 |
|a Angkatan Zaman Mansang (AZAM) Sarawak
|
| 710 |
1 |
1 |
|a Konrad Adenauer Foundation (German)
|
| 998 |
|
|
|a JPSM
|
| 999 |
|
|
|a 0000004271
|b Monograph
|c Open Shelf
|e Default branch
|